Đặc trưng thể loại và việc văn bản hóa truyền thuyết dân gian Việt Nam
Nội dung sách giới thiệu truyền thuyết với tư cách là một thể loại dân gian. Văn bản hóa truyền thuyết dân gian trong sử và thần tích. Văn bản hóa truyền thuyết dân gian trong văn xuôi trung đại.
Wedi'i Gadw mewn:
| Fformat: | Llyfr |
|---|---|
| Iaith: | Undetermined |
| Cyhoeddwyd: |
Hà Nội
Hội nhà văn
2017
|
| Pynciau: | |
| Tagiau: |
Ychwanegu Tag
Dim Tagiau, Byddwch y cyntaf i dagio'r cofnod hwn!
|
| Thư viện lưu trữ: | Trung tâm Học liệu Trường Đại học Cần Thơ |
|---|
| LEADER | 01032nam a2200205Ia 4500 | ||
|---|---|---|---|
| 001 | CTU_226798 | ||
| 008 | 210402s9999 xx 000 0 und d | ||
| 082 | |a 398.209597 | ||
| 082 | |b Đ113 | ||
| 245 | 0 | |a Đặc trưng thể loại và việc văn bản hóa truyền thuyết dân gian Việt Nam | |
| 245 | 0 | |c Trần Thị An (nghiên cứu và giới thiệu) | |
| 260 | |a Hà Nội | ||
| 260 | |b Hội nhà văn | ||
| 260 | |c 2017 | ||
| 520 | |a Nội dung sách giới thiệu truyền thuyết với tư cách là một thể loại dân gian. Văn bản hóa truyền thuyết dân gian trong sử và thần tích. Văn bản hóa truyền thuyết dân gian trong văn xuôi trung đại. | ||
| 650 | |a Văn học dân gian, người Việt,Folk literature, Vietnamese | ||
| 650 | |x Lịch sử và phê bình,History and criticism | ||
| 904 | |i Nhi | ||
| 910 | |b dqhieu | ||
| 980 | |a Trung tâm Học liệu Trường Đại học Cần Thơ | ||